|
|
|
|
| LEADER |
01234nam a2200289 i 4500 |
| 001 |
10021089 |
| 003 |
GR-PaULI |
| 005 |
20220225093901.0 |
| 008 |
990330s1994 gr g j gre d |
| 952 |
|
|
|0 0
|1 0
|4 0
|6 889_300000000000000_ΣΑΜ
|7 0
|9 182247
|a LISP
|b LISP
|c BSC
|d 2016-04-24
|i 042057
|l 1
|o 889.3 ΣΑΜ
|p 025000025605
|r 2016-11-29 00:00:00
|s 2016-11-23
|t 1
|w 2016-04-24
|y BK15
|
| 999 |
|
|
|c 112528
|d 112528
|
| 020 |
|
|
|a 960200083X
|
| 040 |
|
|
|a GR-PaULI
|b gre
|c GR-PaULI
|e AACR2
|
| 082 |
0 |
4 |
|a 889.3
|2 23
|
| 100 |
1 |
|
|9 3997
|a Σαμαράκης, Αντώνης Ευρ.,
|d 1919-2003,
|e συγγραφέας.
|
| 245 |
1 |
2 |
|a Η κόντρα /
|c Αντώνης Σαμαράκης.
|
| 250 |
|
|
|a 4η έκδ.
|
| 260 |
|
|
|a Αθήνα :
|b Ελευθερουδάκης,
|c 1994.
|
| 300 |
|
|
|a 134 σ. ;
|c 21 εκ.
|
| 500 |
|
|
|a Διηγήματα.
|
| 600 |
1 |
4 |
|9 3997
|a Σαμαράκης, Αντώνης Ευρ.,
|d 1919-2003.
|
| 650 |
|
4 |
|a Νεοελληνική λογοτεχνία
|9 320
|
| 650 |
|
4 |
|a Νεοελληνικό διήγημα
|9 4052
|
| 852 |
|
|
|a GR-PaULI
|b ΠΑΤΡΑ
|b ΒΚΠ
|b ΒΣ2
|k ΑΣΧΕ
|h 889.3 ΣΑΜ
|m 042057
|p 025000025605
|t 1
|
| 942 |
|
|
|2 ddc
|c BK15
|
| 998 |
|
|
|c ΗΛΙΟΠΟΥΛΟΥ
|d 1999-03
|
| 998 |
|
|
|c ΛΟΤΣΑΡΗ
|d 2021-03
|